| 000 -LEADER |
| fixed length control field |
00461cam a2200157 a 4500 |
| 020 ## - INTERNATIONAL STANDARD BOOK NUMBER |
| ISBN |
007248392X (acidfree paper) |
| 040 ## - CATALOGING SOURCE |
| Transcribing agency |
DLC |
| 082 00 - DEWEY DECIMAL CLASSIFICATION NUMBER |
| Classification number |
302 MCG 2003 A017 Or. |
| 100 1# - MAIN ENTRY--AUTHOR NAME |
| Personal name |
Griffin, Emory A. |
| 245 12 - TITLE STATEMENT |
| Title |
A first look at communication theory / |
| 250 ## - EDITION STATEMENT |
| Edition statement |
5th ed. |
| 260 ## - PUBLICATION, DISTRIBUTION, ETC. (IMPRINT) |
| Place of publication |
Boston : |
| Name of publisher |
McGraw-Hill, |
| Year of publication |
c2003. |
| 300 ## - PHYSICAL DESCRIPTION |
| Number of Pages |
xxii, 518, A-24, E-23, C-2, I-18 p. : |
| Other physical details |
ill. ; |
| Dimensions |
23 cm. + |
| Accompanying material |
2 CD-ROMs (4 3/4 in.) |
| 650 #0 - SUBJECT ADDED ENTRY--TOPICAL TERM |
| Topical Term |
Communication |
| 942 ## - ADDED ENTRY ELEMENTS (KOHA) |
| Koha item type |
សៀវភៅភាសាអង់គ្លេស |
| 952 ## - LOCATION AND ITEM INFORMATION (KOHA) |
| Withdrawn status [LOCAL, KOHA] |
0 |